000
00314nam a2200145Ia 4500
100
_a
Narayana Roa/B.V
490
_v
1
942
_c
BK
654
_a
engineering
245
_a
Engineering physics
260
_b
WILEY EASTERN LIMITED
_a
New Delhi
_c
1982
082
_a
530
_b
NAR
300
_a
160
546
_a
ENGLISH
999
_c
23626
_d
23626